000 00330nam a2200157Ia 4500
100 _aADAIR/JOHN
942 _cBK
366 _f17.5
654 _atime management
245 _aEffective time management
260 _bPan Books
_c1988
082 _a658.4093/ADA
_bADA
300 _a164
546 _aENGLISH
_cTTL
999 _c23394
_d23394